NBA Single-Game Records (Playoffs) - Statistics

General Stats
  • This quiz has been taken 34 times
  • The average score is 7 of 11
Answer Stats
Stat # Year Answer % Correct
Points 63 1986 Michael Jordan
100%
FG 24 1967/1973/1988 Wilt Chamberlain / John Havlicek / Michael Jordan
100%
Blocks 12 2026 Victor Wembanyama
90%
Rebounds 41 1967 Wilt Chamberlain
90%
Assists 24 1984/1988 John Stockton / Magic Johnson
87%
Turnovers 13 2015 James Harden
63%
Free Throws 30 1953 Bob Cousy
50%
3PT 12 2021 Damian Lillard
50%
+/- +51 2025 Shai Gilgeous-Alexander
33%
Steals 10 1999 Allen Iverson
23%
Minutes 67 1953 Red Rocha / Paul Seymour
7%
No matching quizzes found
Score Distribution
Percent of People with Each Score
Percentile by Number Answered
Your Score History
You have not taken this quiz